00466nam a2200109Ia 4500001000700000008004100007100003300048245015500081260003200236300001000268502007800278Z_5780220601s9999 xx 000 0 und d aJuárez Martínez, Antonio aCaracterización de la brecha tecnológica e la finalización de ganado bovino, en el oriente del estado de México / Antonio Juárez Martínez  aChapingo, Méx. : El autor a40 h. aTesis (Ing. Agr. Esp. en Zootecnia) -- UACH. Departamento de ZootecniaÌ